Coen Brothers Movies - Statistics

General Stats
  • This quiz has been taken 10,353 times
    6,143 since last reset
  • The average score is 8 of 18
Answer Stats
Year Clue Movie % Correct
1998 Bowling The Big Lebowski
88%
1996 Wood chipper Fargo
83%
2000 Chain gang O Brother, Where Art Thou?
69%
2007 Drug money No Country for Old Men
68%
2016 Ancient Rome? Hail, Caesar!
48%
2018 Singing cowboy The Ballad of Buster Scruggs
48%
2008 Spy Burn After Reading
46%
1987 Kidnapping Raising Arizona
44%
1991 Playwright Barton Fink
38%
2013 Folk music Inside Llewyn Davis
38%
2010 Oklahoma True Grit
37%
1984 Detective Blood Simple
33%
1990 Irish gangster Miller's Crossing
33%
2009 Book of Job A Serious Man
28%
1994 Hula hoop The Hudsucker Proxy
27%
2004 Heist The Ladykillers
25%
2001 Noir The Man Who Wasn't There
23%
2003 Divorce lawyer Intolerable Cruelty
22%
No matching quizzes found
Score Distribution
Percent of People with Each Score
Percentile by Number Answered
Your Score History
You have not taken this quiz since the last reset